Legislación sobre extranjeros

Guardat en:
Dades bibliogràfiques
Autor principal: Vodanovic Haklicka, Antonio (Autor)
Format: Llibre
Idioma:espanyol
Publicat: Santiago Ediar 1985
Col·lecció:Ordenamientos jurídicos
Matèries:
Etiquetes: Afegir etiqueta
Sense etiquetes, Sigues el primer a etiquetar aquest registre!

MARC

LEADER 00000nam a2200000 a 4500
001 UCY1213
003 CL-VaPUC
008 940824e19850000CL |||||||||||||||||spa|d
082 0 4 |a 342.083  |b VOD  |2 21 
100 0 |a Vodanovic Haklicka, Antonio  |e author  |9 329140 
245 1 0 |a Legislación sobre extranjeros 
246 1 0 |a Recopilación de leyes y reglamentos sobre extranjeros 
300 |a 219 p 
942 |c BK 
945 |d 19940824 00:00:00  |a aalvarez 
260 |a Santiago  |b Ediar  |c 1985 
650 7 |a EXTRANJEROS SITUACION JURIDICA  |2 CL-VaPUC  |9 329141 
651 7 |a CHILE  |2 CL-VaPUC  |9 329142 
583 |a last modification  |c 19940824 00:00:00  |k Rodrigo Vera 
490 0 |a Ordenamientos jurídicos 
999 |c 229988  |d 229986 
952 |0 0  |1 0  |4 0  |6 342_083000000000000_VOD_1985  |7 0  |8 A  |9 231781  |a BIBDER  |b BIBDER  |d 2019-11-15  |i 301259K  |o 342.083 VOD 1985  |p 301259K  |r 2023-01-25  |w 2019-11-15  |y BK  |k DER